| 000 | 00341cam a22001097a 4500 | ||
|---|---|---|---|
| 008 | 180718b1975 xxu||||| |||| 00| 0 eng d | ||
| 082 | _aZx5411 As72a | ||
| 245 |
_aReport of the Assam agriculture commission _cby State Planning Board, Assam |
||
| 260 |
_a _bState Planning Board _c1975 |
||
| 300 | _a232+p. | ||
| 700 | _aAssam. State Planning Board | ||
| 999 |
_c499398 _d499398 |
||